00759nam a2200193 a 4500001001000000003000400010005001700014008004100031020001800072040002500090082002500115100003000140245005100170260008100221300002000302505017900322650003700501650002700538000029243OSt20260321073641.0110414s2010 dr 000 0 spa d a9789945873597 aDO-SdBNPbspacBNPHU aRD863.44bB742c,20101 a Bosch, Juan, d1909-200110aJuan Bosch :bcuentos selectos para jóvenes. aSanto Domingo :bFundación Juan Bosch :bMinisterio de la Juventud,c2010. a73 p. ;c22 cm. aLos últimos monstruos --tLa mancha indeleble --tLuis Pie --tLa nochebuena de Encarnación Mendoza --tLos amos --tEn un Bohío --tReseña biográfica de Juan Bosch 4aCuentos dominicanosxColecciones 0aLiteratura dominicana.